000 00936nam a22003017a 4500
001 BR8700858
003 BR-BrBNA
005 20230928092358.0
007 ta
008 230509b bl.||||| |||| 00| 0 por d
040 _aBR-BrBNA
_bpor
_cBiblioteca Nacional de Agricultura
041 _a(Por)
072 _aP10; P31
_b/G514
090 _ P10 BR8700858
100 1 _aCadier, E.
100 1 _aFreitas, B.J. de
110 1 _aSuperintendencia do Desenvolvimento do Nordeste, Recife, PE (Brasil)
245 1 _aBacia representativa de Sume; primeira estimativa dos recursos de agua
260 3 _aRecife, PE (Brasil):
_c1982.
300 _a195 p.
500 _a(*) Documento disponível no(a) UFPB, Campina Grande, PB (Brazil). Centro de Informacao do Semi-Arido
650 _aBACIA HIDROGRAFICA
650 _aRECURSO HIDRICO
650 _aSOLO
650 _aPARAIBA
909 _a202309
_bLucia
_c55
_dLucia Elande
942 _cBK
999 _c38688
_d38688